Village varia : ten studies on the history and administration of Deir el-Medina /

Saved in:

Main Author: Janssen, Jac. J. (Author)

Format: Book

Language: English

Published: Leiden : Nederlands Instituut voor het Nabije Oosten, 1997.

Series: Egyptologische uitgaven ; 11.
EgUit ; 11.

Subjects:

Tags: Add Tag

No Tags, Be the first to tag this record!

Call Number: DT57 .U35 v.11

LEADER 00959namaa2200301 4500
001 3491
003 OSt
005 20260422142818.0
008 130303s1997 ne a b 001 0 eng d
020 |a 9062582117 
029 1 |a OHX  |b har005023419 
040 |c ARCE Library 
042 |a pcc 
043 |a f-ua--- 
050 4 |a DT57 .U35 v.11 
100 1 |a Janssen, Jac. J.,   |e author 
245 1 0 |a Village varia :   |b ten studies on the history and administration of Deir el-Medina /   |c by Jac. J. Janssen. 
264 1 |a Leiden :   |b Nederlands Instituut voor het Nabije Oosten,   |c 1997. 
300 |a x, 192 pages :  |b illustrations ;  |c 27 cm. 
490 1 |a Egyptologische uitgaven ;   |v 11. 
490 1 |a EgUit ;   |v 11. 
504 |a Includes bibliographical references and indexes. 
651 0 |a Deir el-Medina Site (Egypt)   |x History. 
830 0 |a Egyptologische uitgaven ;   |v 11. 
830 0 |a EgUit ;   |v 11. 
901 |a reviewed 
942 |c BK  |2 lcc 
999 |c 6591  |d 6591